Responses for Show #829 - Thursday, March 24, 1988

Contestants

Arthur Hanks, Jr., a stockbroker from San Antonio, Texas

Pat O'Connor, an executive assistant from Levittown, Pennsylvania

Larry Frantz, an attorney from Peoria, Illinois (whose 1-day cash winnings total $5,600)

[next game >>]

Jeopardy! Round responses

FIRST LADIES
TRAVEL & TOURISM
TOUCHDOWN TOPICS
THE JET SET
BUSINESS & INDUSTRY
LAST FILMS
    $100 1
Greek

Larry
    $100 21
Lake (Loch) Lomond

Larry
    $100 4
All-American Team

Larry
    $100 15
Zsa Zsa Gabor

Ray
    $100 25
China

Larry
    $100 3
Henry Fonda

Larry
    $200 2
Eleanor Roosevelt

Pat
    $200 22
Illinois

Larry
    $200 5
a pass

Pat
    $200 16
William Buckley

Pat
    $200 26
banks

Pat
    $200 6
Spencer Tracy

Pat
    $300 10
Lucy Hayes

Pat
    $300 23
(Ray: What is Rome?)
(Pat: What is Milan?)

Mexico City

PatRay
Triple Stumper
    $300 13
(Pat: Who was Knute Rockne?)

(John) Heisman

LarryPat
    $300 17
Donald Trump

Pat
    $300 28
Hellmann's

Larry
    $300 7
Peter Finch

Pat
    $400 11
Bess Truman

Pat
    $400 24
bonjour

Triple Stumper
    $400 14
"The Orange Crush"

Pat
    $400 18
Rita Hayworth

Pat
    $400 29
U-Haul

Larry
    $400 8
James Dean

Pat
    $500 12
Martha Washington

Larry
    $500 27
(Alex: Less than a minute to go in the round.)

beer garden

Pat
    $600 20
"Red" & "The Galloping Ghost"

Larry
    $500 19
(Pat: Who was Grace Kelly?)

Princess Caroline of Monaco

LarryPat
    $500 30
the names of the workers who made the bags

Triple Stumper
    $500 9
Natalie Wood

Pat

Scores at the first commercial break (after clue 15):

Larry Pat Ray
$1,100 $2,600 $100

Scores at the end of the Jeopardy! Round:

Larry Pat Ray
$3,300 $3,400 -$200

Double Jeopardy! Round responses

BRIITISH HISTORY
THIRD SYMPHONIES
6-LETTER WORDS
THEATER
MISSISSIPPIANS
TOUGH TRIVIA
    $200 1
Covent Garden

Ray
    $200 4
Mozart

Larry
    $200 23
(Pat: What is bid?)
(Alex: Remember the category.)

outbid

LarryPat
    $200 8
Gilbert & Sullivan

Larry
    $200 18
Miss America

Larry
    $200 13
a rock

Pat
    $400 2
architecture

Ray
    $400 5
organ

Larry
    $400 24
canter

Pat
    $400 10
the Tony Awards

Larry
    $800 20
["Stand By Your Man"]

Tammy Wynette

Pat
    $400 16
(Larry: What is leak... [*]?)
(Alex: Larry, I had to rule against you since your response of "leak" came first.)

explode

LarryPat
    $600 3
Stonehenge

Larry
    $600 6
Beethoven

Ray
    $700 26
Sneezy & Grumpy (and Sleepy)

Larry
    $600 14
Dublin

Pat
    $600 21
Red Barber

Triple Stumper
    $600 19
120

Pat
    $800 7
Big Ben

Pat
    $800 9
the Rhine River

Pat
    $800 27
escape

Triple Stumper
    $800 15
Anton Chekov

Larry
    $800 22
William Faulkner

Larry
    $800 28
(Larry: What is sorghum syrup?)
[The end-of-round signal sounds.]

blackstrap

Larry
Triple Stumper
    $1000 12
Henry VIII

Larry
    $1000 11
"The Scottish Symphony"

Larry
    $1000 17
Christopher Marlowe

Pat
    $1000 25
(Alex: And we've got a minute to go.)

James Meredith

Larry

Scores at the end of the Double Jeopardy! Round:

Larry Pat Ray
$9,600 $8,800 $1,000

[wagering suggestions for these scores]

Final Jeopardy! Round responses

EDUCATION
(Alex: In many ways, that's what Jeopardy! is, an education.)
RayWhat was the Weekly Reader?
$1,000
PatWhat are Cliff Notes?
$8,000
LarryWhat is Cliff's Notes?
$7,000
Cliff's Notes

Final scores:

Larry Pat Ray
$16,600 $16,800 $0
2nd place: Trip to Miami Beach at Fontainebleau Hilton New champion: $16,800 3rd place: Eyvand Earle "Silent Thunder" serigraph

Game dynamics:

Coryat scores:

Larry Pat Ray
$9,400 $8,400 $1,000
25 R
(including 2 DDs),
2 W
23 R
(including 1 DD),
4 W
4 R,
1 W

Combined Coryat: $18,800

[game clues] [game scores] [suggest correction]

Game tape date: 1987-12-07
The J! Archive is created by fans, for fans. Scraping, republication, monetization, and malicious use prohibited; this site may use cookies and collect identifying information. See terms. The Jeopardy! game show and all elements thereof, including but not limited to copyright and trademark thereto, are the property of Jeopardy Productions, Inc. and are protected under law. This website is not affiliated with, sponsored by, or operated by Jeopardy Productions, Inc. Join the discussion at JBoard.tv.